Fisonomía regional de la argentina /
Guardado en:
| Autor Principal: | |
|---|---|
| Formato: | Libro |
| Publicado: |
Buenos Aires :
Nova,
1971
|
| Edición: | 3 |
| Materias: | |
| Etiquetas: |
Agregar Etiqueta
Sin Etiquetas, Sea el primero en etiquetar este registro!
|
| LEADER | 01162nam a22002895a 4500 | ||
|---|---|---|---|
| 001 | CEM.cems001982 | ||
| 005 | 20060216000000.0 | ||
| 008 | 130507s1971##################000#0#####d | ||
| 003 | CEMS | ||
| 082 | 0 | 4 | |a 918.2 |
| 100 | 1 | |a Daus, Federico A | |
| 245 | 1 | 0 | |a Fisonomía regional de la argentina / |c Federico A Daus |
| 250 | |a 3 | ||
| 260 | |a Buenos Aires : |b Nova, |c 1971 | ||
| 300 | |a 195 p. | ||
| 653 | |a Fisonomia regional | ||
| 653 | |a Geografia | ||
| 653 | |a Geografia argentina | ||
| 859 | |a CEMS |b BIB. CEMS - 11 de abril |h 918.2 |i D268-1a3 |p 2694.74 |t Ej.2 | ||
| 859 | |a CEMS |b BIB. CEMS - 11 de abril |h 918.2 |i D268-1a3 |p 2696.74 |t Ej.4 | ||
| 859 | |a CEMS |b BIB. CEMS - 11 de abril |h 918.2 |i D268-1a3 |p 2697.74 |t Ej.5 | ||
| 859 | |a CEMS |b BIB. CEMS - 11 de abril |h 918.2 |i D268-1a3 |p 2698.74 |t Ej.6 | ||
| 859 | |a CEMS |b BIB. CEMS - 11 de abril |h 918.2 |i D268-1a3 |p 2699.74 |t Ej.7 | ||
| 859 | |a CEMS |b BIB. CEMS - 11 de abril |h 918.2 |i D268-1a3 |p 2700.74 |t Ej.8 | ||
| 859 | |a CEMS |b BIB. CEMS - 11 de abril |h 918.2 |i D268-1a3 |p 2702.74 |t Ej.9 | ||
| 859 | |a CEMS |b BIB. CEMS - 11 de abril |h 918.2 |i D268-1a3 |p 2707.74 |t Ej.3 | ||
| 859 | |a CEMS |b BIB. CEMS - 11 de abril |h 918.2 |i D268-1a3 |p 2710.74 |t Ej.1 | ||
